Normal view MARC view

Entry Termo tópico

Number of records used in: 3

001 - NÚMERO DE CONTROLE

  • campo de controle: 583

003 - IDENTIFICADOR DO NÚMERO DE CONTROLE

  • campo de controle: OSt

005 - DATA E HORÁRIO DA ÚLTIMA TRANSAÇÃO

  • campo de controle: 20250320094317.0

008 - CAMPO DE DADOS FIXOS

  • campo de controle de tamanho fixo: 250320|| aca||babn | a|a d

040 ## - FONTE DA CATALOGAÇÃO

  • Instituição da catalogação original: OSt

150 ## - CABEÇALHO--TERMO TÓPICO (ASSUNTO)

  • Cabeçalho tópico ou nome geográfico: Critica religiosa

Powered by Koha